Über das Land und das Wasser : ausgewählte Gedichte 1964-2001 /

Bibliographic Details
Main Author: Sebald, W. G. (Winfried Georg), 1944-2001
Other Authors: Meyer, Sven, 1969-
Format: Book
Language:German
Published: München : Hanser, 2008.

MARC

Tag First Indicator Second Indicator Subfields
LEADER 00000cam a2200000Ia 4500
001 in00002425382
005 20151109152847.0
008 080912s2008 gw 000 1 ger d
016 7 |a 988915626  |2 GyFmDB 
020 |a 9783446230699 
020 |a 3446230696 
029 0 |a OHX  |b har080092586 
035 |a (OCoLC)ocn251303414 
035 |a (OCoLC)251303414 
040 |a OHX  |c OHX  |d OSU  |d TXA  |d UtOrBLW 
049 |a TXAM 
050 4 |a PT2681.E18  |b U24 2008 
072 7 |a PT  |2 lcco 
100 1 |a Sebald, W. G.  |q (Winfried Georg),  |d 1944-2001. 
245 1 0 |a Über das Land und das Wasser :  |b ausgewählte Gedichte 1964-2001 /  |c W.G. Sebald ; herausgegeben von Sven Meyer. 
264 1 |a München :  |b Hanser,  |c 2008. 
300 |a 113 pages ;  |c 21 cm. 
336 |a text  |b txt  |2 rdacontent 
337 |a unmediated  |b n  |2 rdamedia 
338 |a volume  |b nc  |2 rdacarrier 
500 |a Copyright by The Estate of W.G. Sebald. 
500 |a The edition contains poems that were previously published and a selection of poems that are published for the first time. 
700 1 |a Meyer, Sven,  |d 1969- 
938 |a Otto Harrassowitz  |b HARR  |n har080092586  |c 22.50 CAD 
948 |a cataloged  |b h  |c 2008/10/24  |d c  |e jgreene  |f 2:21:52 pm 
994 |a C0  |b TXA 
999 |a MARS 
999 f f |s 9ee1bfb1-8248-3021-ad73-0f905ed80030  |i e673d246-0513-3711-9d83-5a8db7b1280e  |t 0 
952 f f |p ric  |a Texas A&M University  |b Rellis Campus  |c Joint Library Facility  |s JLF  |d Remote Storage  |t 0  |e PT2681.E18 U24 2008  |h Library of Congress classification  |i unmediated -- volume  |m A14834307596 
998 f f |a PT2681.E18 U24 2008  |t 0  |l Remote Storage